The sportswriter [sound recording] / Richard Ford.
=511 0\ Narrated by Richard Poe.
In this first of the Bascombe novels, Frank Bascombe is a sportswriter attempting to cope with his failed marriage and the death of one of his children. Unable to establish true connections with people, Bascombe drifts into and out of various relationships, but retains an introspective eye that allows him to transcend life's obstacles.
Record details
- ISBN: 9781428140097
- ISBN: 1428140093
- Physical Description: 13 sound discs (15 hr.) : digital ; 4 3/4 in.
- Edition: Unabridged.
- Publisher: Prince Frederick, MD : Recorded Books, p2007.
Content descriptions
| Participant or Performer Note: | Narrated by Richard Poe. |
Search for related items by subject
| Subject: | Sportswriters > Fiction. Divorced men > Fiction. Family crises > Fiction. |
| Genre: | Fiction. Novels Audiobooks. |
| LDR | 01361pim a2200337La 4500 | ||
|---|---|---|---|
| 001 | 129602 | ||
| 003 | SBPL | ||
| 005 | 20140703073305.0 | ||
| 007 | sd fungnnmmned | ||
| 008 | 070410s2007 mdunnnn f n eng d | ||
| 020 | . | ‡a9781428140097 | |
| 020 | . | ‡a1428140093 | |
| 024 | 8 | . | ‡z9781428140097 |
| 028 | 0 | 2. | ‡aC4041 ‡bRecorded Books |
| 035 | . | ‡a(CONS)129602 | |
| 035 | . | ‡a(CPomAG)LMN499262 | |
| 050 | 1 | 4. | ‡aPS3556.O713 ‡bS6 2007b |
| 100 | 1 | . | ‡aFord, Richard, ‡d1944- ‡eauthor. |
| 245 | 1 | 4. | ‡aThe sportswriter ‡h[sound recording] / ‡cRichard Ford. |
| 250 | . | ‡aUnabridged. | |
| 260 | . | ‡aPrince Frederick, MD : ‡bRecorded Books, ‡cp2007. | |
| 300 | . | ‡a13 sound discs (15 hr.) : ‡bdigital ; ‡c4 3/4 in. | |
| 336 | . | ‡aspoken word ‡bspw ‡2rdacontent | |
| 337 | . | ‡aaudio ‡bs ‡2rdamedia | |
| 338 | . | ‡aaudio disc ‡bsd ‡2rdacarrier | |
| 511 | 0 | . | ‡aNarrated by Richard Poe. |
| 520 | . | ‡a=511 0\ ‡aNarrated by Richard Poe. | |
| 520 | . | ‡aIn this first of the Bascombe novels, Frank Bascombe is a sportswriter attempting to cope with his failed marriage and the death of one of his children. Unable to establish true connections with people, Bascombe drifts into and out of various relationships, but retains an introspective eye that allows him to transcend life's obstacles. | |
| 650 | 0. | ‡aSportswriters ‡vFiction. | |
| 650 | 0. | ‡aDivorced men ‡vFiction. | |
| 650 | 0. | ‡aFamily crises ‡vFiction. | |
| 655 | 7. | ‡aFiction. | |
| 655 | 0 | . | ‡aNovels |
| 655 | 7. | ‡aAudiobooks. ‡2lcgft | |
| 700 | 1 | . | ‡aPoe, Richard. |
| 901 | . | ‡a129602 ‡bUnknown ‡c129602 ‡tbiblio | |